003620000a2200133000450024500610000065000180006165000210007965000160010065000290011665100190014504100140016410000220017877300280020010aProyecto de tierras silvestres declaración de misión14aBiodiversidad14aAreas protegidas14aIndígenas14aConocimiento tradicional 4pEstados Unidos0 aEspañol1 aQuintana, María1 tPreprint33q1-3d1993?